Trueque y medios de cambio alternativos durante el período colonial en Costa Rca

Uloženo v:
Podrobná bibliografie
Hlavní autor: Chacón Hidalgo, Manuel Benito
Médium: Neznámo
Jazyk:Spanish
Vydáno: San José, Costa Rica Editorial de la Universidad de Costa Rica 2014
Edice:Colección nueva historia
Tagy: Přidat tag
Žádné tagy, Buďte první, kdo vytvoří štítek k tomuto záznamu!

MARC

LEADER 00000 a2200000 4500
008 140317s201 c a|||f |||| 000 0 spa d
020 |a 9789968464048 
082 |a  907.207.28 P742p 
100 1 |a Chacón Hidalgo, Manuel Benito 
245 1 0 |a Trueque y medios de cambio alternativos durante el período colonial en Costa Rca  |c Manuel Benito Chacón Hidalgo 
260 |a San José, Costa Rica  |b Editorial de la Universidad de Costa Rica  |c 2014 
300 |a 71-85 páginas 
490 0 |a Colección nueva historia 
773 0 |d San José, Costa Rica Editorial de la Universidad de Costa Rica  |z 9789968464048  |t Poder, economía y relaciones sociales en el Reino de Guatemala 
942 |2 ddc  |c AM 
999 |c 3233  |d 3233